000 00423nam a22001697a 4500
003 OSt
005 20140310182205.0
008 130904t xxu||||| |||| 00| 0 eng d
050 _aBX 4700
_b.L785 1995
082 _aHS 291.09
_bB14 1990
245 _aLives of Saints /
260 _aPhilippines :
_bPaulines,
_cc1995.
300 _a210 p. :
_c18 cm.
650 _aSaints.
_914508
942 _2lcc
_cHS
999 _c10321
_d10321